Creating caring and capable boards : (Record no. 13523)

000 -LEADER
fixed length control field 00834cam a2200229 a 4500
020 ## - INTERNATIONAL STANDARD BOOK NUMBER
ISBN 0787942936 (hard : alk. paper)
040 ## - CATALOGING SOURCE
Transcribing agency DLC
082 00 - DEWEY DECIMAL CLASSIFICATION NUMBER
Classification number 658 JOS 2000 A047 Or.
100 2# - MAIN ENTRY--AUTHOR NAME
Personal name Tyler Scott, Katherine,
245 10 - TITLE STATEMENT
Title Creating caring and capable boards :
Remainder of title reclaiming the passion for active trusteeship /
246 30 - VARYING FORM OF TITLE
Title proper/short title Reclaiming the passion for active trusteeship
250 ## - EDITION STATEMENT
Edition statement 1st ed.
260 ## - PUBLICATION, DISTRIBUTION, ETC. (IMPRINT)
Place of publication San Francisco, Calif. :
Name of publisher Jossey-Bass,
Year of publication c2000.
300 ## - PHYSICAL DESCRIPTION
Number of Pages xix, 199 p. :
Other physical details ill. ;
Dimensions 24 cm.
650 #0 - SUBJECT ADDED ENTRY--TOPICAL TERM
Topical Term Nonprofit organizations
650 #0 - SUBJECT ADDED ENTRY--TOPICAL TERM
Topical Term Leadership.
650 #0 - SUBJECT ADDED ENTRY--TOPICAL TERM
Topical Term Trusts and trustees.
856 42 - ELECTRONIC LOCATION AND ACCESS
Uniform Resource Identifier http://www.loc.gov/catdir/bios/wiley043/99050817.html
856 42 - ELECTRONIC LOCATION AND ACCESS
Uniform Resource Identifier http://www.loc.gov/catdir/description/wiley035/99050817.html
856 4# - ELECTRONIC LOCATION AND ACCESS
Uniform Resource Identifier http://www.loc.gov/catdir/toc/onix06/99050817.html
942 ## - ADDED ENTRY ELEMENTS (KOHA)
Koha item type សៀវភៅភាសាអង់គ្លេស
952 ## - LOCATION AND ITEM INFORMATION (KOHA)
Withdrawn status [LOCAL, KOHA] 0
Holdings
Permanent Location Date acquired Koha item type Lost status Shelving location Barcode Current Location Full call number
Library Block A2017-08-27សៀវភៅភាសាអង់គ្លេស A047A21077Library Block A658 JOS 2000 A047 Or.
មជ្ឈមណ្ឌលឯការនៃសាកលវិទ្យាល័យភូមិន្ទកសិកម្មចំការដូង

Powered by Koha